04899nam a2200457 i 450000100060000000300080000600500170001400600190003100700150005000800410006502000320010602000220013803500220016004000310018205000260021308200160023924501630025526400700041830000410048833600310052933700330056033800430059350400620063650516810069852013420237958800830372165000430380465000500384765000600389765000530395765000480401065100530405865100370411165100540414865500270420270000340422970000410426370000400430470000340434485600630437860953FINmELB20241217142129.0m o u cr cn|||||||||220303s2020 ck ob 000 0 spa d a978-958-789-254-3q(e-book) z978-958-789-253-6 a(OCoLC)1304902138 aFINmELBbspaerdacFINmELB 4aDT19.9.C37bG478 202004a303.76922300aGestion administrativa local y paz territorial :bun análisis de las subregiones PDET en el Caribe Columbiano /cLuis Fernando Trejos Rosero [y otros tres]. 1aBarranquilla, Colombia :bEditorial Universidad del Norte,c2020. a1 recurso en línea (184 páginas) atextobtxt2rdacontent/spa acomputadorabc2rdamedia/spa arecurso en líneabcr2rdacarrier/spa aIncluye referencias bibliográficas (páginas 163-184).0 aPÁGINA LEGAL -- LOS AUTORES -- CONTENIDO -- PRESENTACIÓN -- PRIMERA PARTE- GOBIERNOS LOCALES Y GESTIÓN ADMINISTRATIVA DE LA PAZ -- CAPÍTULO 1: LAS DIFICULTADES MATERIALES DE LA TERRITORIALIZACIÓN DE LA ACCIÓN PÚBLICA -- CAPÍTULO 2: PRESENCIA DIFERENCIADA DEL ESTADO Y MERCADOS DE VIOLENCIA: REFLEXIONES COMPLEMENTARIAS -- CAPÍTULO 3: GESTIÓN PÚBLICA Y CAPACIDAD INSTITUCIONAL DE LAS ADMINISTRACIONES LOCALES -- CAPÍTULO 4: ZONAS VEREDALES Y PUNTOS TRANSITORIOS DE NORMALIZACIÓN: PRIMER ESLABÓN PARA LA MATERIALIZACIÓN DE LA PAZ TERRITORIAL -- SEGUNDA PARTE- DESAFÍOS Y AMENAZAS A LA CONSTRUCCIÓN DE LA PAZ TERRITORIAL EN EL CARIBE COLOMBIANO POR MEDIO DE LA IMPLEMENTACIÓN DE LOS PDET -- CAPÍTULO 5: PROGRAMAS DE DESARROLLO CON ENFOQUE TERRITORIAL EN EL CARIBE: ENTRE LA VIOLENCIA Y EL INCUMPLIMIENTO DEL ESTADO -- CAPÍTULO 6: ANÁLISIS DE LAS CUATRO SUBREGIONES PRIORIZADAS EN EL CARIBE COLOMBIANO: ¿CÓMO EVALUAR LAS CONDICIONES PARA EL POSCONFLICTO? -- CAPÍTULO 7: LA VIOLENCIA EN EL CARIBE COLOMBIANO: APROXIMACIÓN HISTÓRICA -- CAPÍTULO 8: MONTES DE MARÍA: ¿PELIGRA LA RECONCILIACIÓN? -- CAPÍTULO 9: SIERRA NEVADA, PERIJÁ Y ZONA BANANERA: ¿EL REGRESO DE LA VIOLENCIA ARMADA? -- CAPÍTULO 10: SUR DE BOLÍVAR: UNA TENSA CALMA PRODUCTO DE LA PAZ MAFIOSA -- CAPÍTULO 11: SUR DE CÓRDOBA: LA PAZ QUE NUNCA LLEGÓ -- CAPÍTULO 12: CONCLUSIONES CON RESPECTO A PLANES DE ACCIÓN PARA LA TRANSFORMACIÓN REGIONAL COMO MEDIO INSTITUCIONAL DE CONSTRUCCIÓN DE PAZ TERRITORIAL -- A MODO DE CONCLUSIONES- SUGERENCIAS TÉCNICAS EN TORNO A LA CAPACIDAD INSTITUCIONAL DE LAS ADMINISTRACIONES LOCALES -- REFERENCIAS. aEsta obra es fruto del trabajo de investigación adelantado por los autores dentro de las líneas de acción del Centro de Pensamiento UNCaribe y el Observatorio de Gobernabilidad Local adscrito al Instituto de Desarrollo Político e Institucional (IDEPI), ambos de la Universidad del Norte. La obra que el lector tiene en sus manos se enmarca en la iniciativa del Centro de Pensamiento por articular y actualizar una serie de investigaciones publicadas en años recientes sobre la gestión administrativa de la paz en los territorios del Caribe colombiano. Los acuerdos de paz tienen como gran objetivo la construcción de una paz territorial, es decir, el fortalecimiento del Estado local, y en ese proceso son fundamentales las administraciones locales, pues son las grandes protagonistas del proceso de implementación. Por esto, nos propusimos la tarea de analizar las condiciones de violencia presentes en el territorio, así como las capacidades institucionales de los diferentes municipios donde inicialmente se ubicaron las Zonas Veredales o esos espacios donde se dieron los primeros pasos para la gestión de la paz territorial, y en los que hoy día se están implementando los planes de desarrollo con enfoque territorial; herramientas importantes en el proceso de construcción de Estado desde los territorios. aDescripción basada en metadatos suministrados por el editor y otras fuentes. 4aViolenciazCaribe (Región, Colombia) 4aConflicto armadozCaribe (Región, Colombia) 4aAdministración públicazCaribe (Región, Colombia) 4aDesarrollo regionalzCaribe (Región, Colombia) 4aAcuerdo de pazzCaribe (Región, Colombia) 0aColombiaxPolitics and governmenty21st century. 0aColombiaxHistoryy21st century. 0aAtlantic Coast (Colombia)xHistoryy21st century. 4aLibros electrónicos.1 aTrejos Rosero, Luis Fernando.1 aTuirán Sarmiento, Ángel Alberto.1 aBadillo Sarmiento, Reynell Alberto.1 aMercado Ramos, Alberto Mario.40uhttps://elibro.net/ereader/politecnicointernacional/185015